000 00384nam a22001577a 4500
003 OSt
005 20260409050935.0
008 260409b |||||||| |||| 00| 0 eng d
040 _cDLC
050 _a248.4
_bR994G
082 _a248.4
_bR994G
245 _aGoing Thrugh The Dry Times
_cby James Ryle
260 _aEngland:
_bSovereign World,
_c2002.
300 _a94p.
942 _2ddc
_cBK
999 _c11558
_d11558